<?xml version="1.0" encoding="UTF-8"?>
<record
    xmlns:xsi="http://www.w3.org/2001/XMLSchema-instance"
    xsi:schemaLocation="http://www.loc.gov/MARC21/slim http://www.loc.gov/standards/marcxml/schema/MARC21slim.xsd"
    xmlns="http://www.loc.gov/MARC21/slim">

  <leader>01309nam a22001457a 4500</leader>
  <datafield tag="999" ind1=" " ind2=" ">
    <subfield code="c">523869</subfield>
    <subfield code="d">523869</subfield>
  </datafield>
  <controlfield tag="008">231011b           ||||| |||| 00| 0 eng d</controlfield>
  <datafield tag="100" ind1=" " ind2=" ">
    <subfield code="a">Ahmed, Saman </subfield>
    <subfield code="9">44086</subfield>
  </datafield>
  <datafield tag="245" ind1=" " ind2=" ">
    <subfield code="a">Crafting livelihood together: Unraveling the work Patterns of women Phool-Patti artisans in Aligarh </subfield>
  </datafield>
  <datafield tag="260" ind1=" " ind2=" ">
    <subfield code="a">Social Scientist  </subfield>
  </datafield>
  <datafield tag="300" ind1=" " ind2=" ">
    <subfield code="a">51(7-8), Jul-Aug, 2023: p.51-62</subfield>
  </datafield>
  <datafield tag="520" ind1=" " ind2=" ">
    <subfield code="a">The craft sector has long been an integral part of India&#x2019;s cultural heritage, and economic landscape, providing livelihood opportunities for numerous artisans across the country. Among these, women  engaged in the traditional art of phool-patti embroidery in Aligarh hold district position. Phool Patti, an intricate appliqu&#xE9; embroidery in Aligarh hold a district position Phool-patti, intricate appliqu&#xE9; appliqu&#xE9; embroidery style that showcase Persian influences and dawns on Mughal art designs, is not only craft form but also a repository of cultural&#x2019; heritage and identity for the local community. Understanding the work patents and socio-economic dynamics of women  Phool-Patti artisans is crucial for comprehending the complexities of their livelihoods, as well as identifying avenues for their empowerment and socio-economic development. &#x2013; Reproduced   </subfield>
  </datafield>
  <datafield tag="773" ind1=" " ind2=" ">
    <subfield code="a">Social Scientist  </subfield>
  </datafield>
  <datafield tag="906" ind1=" " ind2=" ">
    <subfield code="a">WOMEN</subfield>
  </datafield>
  <datafield tag="942" ind1=" " ind2=" ">
    <subfield code="c">AR</subfield>
  </datafield>
  <datafield tag="952" ind1=" " ind2=" ">
    <subfield code="0">0</subfield>
    <subfield code="1">0</subfield>
    <subfield code="2">ddc</subfield>
    <subfield code="4">0</subfield>
    <subfield code="7">0</subfield>
    <subfield code="9">398916</subfield>
    <subfield code="a">IIPA</subfield>
    <subfield code="b">IIPA</subfield>
    <subfield code="d">2023-10-11</subfield>
    <subfield code="h">51(7-8), Jul-Aug, 2023: p.51-62</subfield>
    <subfield code="p">AR129751</subfield>
    <subfield code="r">2023-10-11</subfield>
    <subfield code="y">AR</subfield>
  </datafield>
</record>
